000 00725nac a22002051u 4500
010 _a 86019031
020 _a0471845809
022 _a0471859303
082 0 0 _a660.283
_bN299
090 _c4689
_d4689
100 _aNauman, E. B.
245 1 0 _aChemical reactor design /
_cE.B. Nauman.
260 _aNew York :
_bWiley,c1987.
_cc1987.
300 _axxx, 426 p. :
_bill. ;
_c25 cm.
440 0 _aWiley series in chemical engineering
504 _aIncludes bibliographies and index.
650 0 _aChemical reactors
_xDesign and construction.
942 _cBB
_k660.283N299
999 _c4689
_d4689